Η διαχείριση της καινοτομίας του διευρυμένου ωραρίου στο σχολικό οργανισμό : η περίπτωση των δημοτικών σχολείων της πόλεως Ρόδου ; μεταπτυχιακή εργασία
Αποθηκεύτηκε σε:
| Κύριος συγγραφέας: | |
|---|---|
| Άλλοι συγγραφείς: | , , |
| Μορφή: | Thesis Βιβλίο |
| Γλώσσα: | Greek |
| Δημοσίευση: |
2006.
|
| Θέματα: | |
| Ετικέτες: |
Προσθήκη ετικέτας
Δεν υπάρχουν, Καταχωρήστε ετικέτα πρώτοι!
|
MARC
| LEADER | 00000cam a2200000 i 4500 | ||
|---|---|---|---|
| 001 | 1/41991 | ||
| 008 | 070306s2006 gre d | ||
| 035 | |l 10087225 | ||
| 040 | |a GR-MY-UA |b gre |e aacr | ||
| 041 | 0 | |a gre | |
| 082 | 7 | |a 372.19 |2 (22) | |
| 100 | 1 | |a Νιτσόπουλος, Γεράσιμος. | |
| 245 | 1 | 2 | |a Η διαχείριση της καινοτομίας του διευρυμένου ωραρίου στο σχολικό οργανισμό : |b η περίπτωση των δημοτικών σχολείων της πόλεως Ρόδου ; μεταπτυχιακή εργασία / |c Νιτσόπουλος Γεράσιμος ; Φώκιαλη Περσεφόνη ; Αθανασιάδης Ηλίας , Σοφός Αλιβίζος. |
| 260 | |c 2006. | ||
| 300 | |a 237 σ. : |b πίν., σχεδιαγρ. ; |c 30 εκ. | ||
| 502 | |a Διατριβή (μεταπτυχιακή) – Πανεπιστήμιο Αιγαίου, Ρόδος, 2006. | ||
| 504 | |a Βιβλιογραφία: σ. 130-135. | ||
| 610 | 2 | 0 | |a University of the Aegean |x Dissertations. |
| 650 | 0 | |a Education |x Economic aspects |z Greece |z Rhodes. | |
| 650 | 0 | 0 | |a Dissertations, Academic |z Greece. |
| 650 | 0 | |a Education, Elementary |x Curricula |z Greece |z Rhodes. | |
| 650 | 0 | |a Education |x Curricula |z Greece |z Rhodes. | |
| 700 | 1 | |a Φώκιαλη, Περσεφόνη. |4 ths | |
| 700 | 1 | |a Αθανασιάδης, Ηλίας. |4 ths | |
| 700 | 1 | |a Σοφός, Λοΐζος. |4 ths | |
| 852 | |a INST |b RHODES |c DIATR |e 20070306 |h 372.19 ΝΙΤ |p 005400023814 |q 005400023814 |t MTXE |y 23 | ||
| 852 | |a INST |b RHODES |c DIATR |e 20070306 |h 372.19 ΝΙΤ |p 005400023819 |q 005400023819 |t MTXE |y 23 | ||
| 901 | |a BIBL4-2007-1 | ||
| 909 | |a Ρ |b 127294 | ||
| 909 | |a Ρ |b 127295 | ||
| 924 | |a ΝΙΤΣΟΠΟΥΛΟΣ |b ΓΕΡΑΣΙΜΟΣ |y Ρόδος |z 2006-11 | ||
| 970 | |a ΜΙΣΣΟΣ |b ΣΤΑΥΡΟΣ |z 2007/03/06 | ||